000
00259nam a2200109Ia 4500
008
190914s9999||||xx |||||||||||||| ||und||
100
_a
Leaon G. Schiffman
245
0
_a
Consumer Behavior
260
_a
New York
_b
Viva Books
_c
2002
300
_a
568
942
_c
BK
999
_c
8866
_d
8866